000 00433pab a2200157 454500
008 180718b2005 xxu||||| |||| 00| 0 eng d
100 _aCostello, Ayse Olcay
245 _aDefining property rights: the case of knowledge - based resources
260 _c2005
300 _ap.143-55.
362 _aSpring
650 _aRight to property
700 _aCostello, Thomas G.
773 _aCalifornia Management Review
909 _a65883
999 _c65883
_d65883